000 00460nam a22001697a 4500
999 _c160021
_d160021
005 20190112172136.0
010 _aA-899841
020 _a8170365619
035 _aA-899841
037 _bResponse Books
082 _a338.7
100 _aDutta, Sudipt
245 _aFamily business in India /
_cSudipt Dutta
260 _aNew Delhi
_bResponse Books
_c1996
300 _a267p. (it include index)
_c22cm(hbk)
942 _2ddc
_cEN
_h338.7
_mDUT